| 000 | 01531cam a22003131i 4500 | ||
|---|---|---|---|
| 003 | SA-RiAUC | ||
| 005 | 20241202123303.0 | ||
| 008 | 241201s2000 le g 000r0 ara c | ||
| 020 | _a4198215472 | ||
| 040 |
_aSA-JeALM _bara _cSA-RiAUC _erda |
||
| 082 | 0 | 4 |
_a258.56 _qSA-RiAUC |
| 090 |
_a258.56 _b ا ب ن ج |
||
| 100 | 1 |
_aابن جرير الطبري، محمد بن جرير بن يزيد، _d224-310 هجري _eمؤلف. |
|
| 245 | 1 | 2 |
_aالأحكام الفقهية للإمام الطبري : _bمجموعة من كتاب التفسير له / _cجمعه وحققه محمد حسن محمد حسن إسماعيل. |
| 250 | _aالطبعة الأولى. | ||
| 264 | 1 |
_aبيروت : _bدار الكتب العلمية، _c[2000] |
|
| 300 |
_a480 صفحة ؛ _c24 سم |
||
| 336 |
_aنص _btxt _2rdacontent _3كتاب |
||
| 337 |
_aبدون وسيط _bn _2rdamedia |
||
| 338 |
_aمجلد _bnc _2rdacarrier |
||
| 650 | 7 |
_aالفقه الإسلامي _xمذاهب _2aucsh |
|
| 650 | 7 |
_aالأحكام الشرعية _2aucsh |
|
| 650 | 7 |
_aالعبادات (فقه إسلامي) _2aucsh |
|
| 650 | 7 |
_aأصول الفقه الإسلامي _2aucsh |
|
| 700 | 1 | 2 |
_iشرح لـ (عمل) : _aابن جرير الطبري، محمد بن جرير بن يزيد، _d224-310 هجري. _tتفسير الطبري، المسمى، جامع البيان في تفسير القرآن. |
| 700 | 1 |
_aالشافعي، محمد حسن محمد حسن إسماعيل _eمحقق. |
|
| 942 |
_2ddc _cBOOK _n0 |
||
| 949 |
_aSA-JeALM _d241201 _uosman123 _n1 |
||
| 999 |
_c2914 _d2914 |
||